00487nam a22001577a 4500020001500000082001200015100001600027245002700043250005700070260003100127300000800158650002200166942000700188952011700195999001700312 a0671440012 a823 IRV aIrving John aSetting Free The Bears aImagine a Mixture Of Till Eulenspiegel and Ken Kesey aU.S.AbPocket Books c1968 a340 aEnglish - Fiction cBK 00104070aHMIbHMIcGENd2015-09-11eDr Andreas D'Souzag0.00l0o823 IRVp11-2531r2015-09-11w2015-09-11yBK c19722d19722